Uplatnění a rozvoj automatizace ve strojírenských výrobách
Na minha lista:
| Autor principal: | |
|---|---|
| Formato: | Livro |
| Idioma: | tcheco |
| Publicado em: |
Praha
Výzkumný ústav strojírenské technologie a ekonomiky
1977
|
| Colecção: | Knižnice VUSTE
sv. 128 |
| Tags: |
Sem tags, seja o primeiro a adicionar uma tag!
|
MARC
| LEADER | 00000nam a2200000 4500 | ||
|---|---|---|---|
| 001 | c119512 | ||
| 005 | 20041019155214.3 | ||
| 041 | 0 | |a cze | |
| 044 | |a CZ | ||
| 245 | 1 | 0 | |a Uplatnění a rozvoj automatizace ve strojírenských výrobách |c Jiří Fähnrich a kol. |
| 264 | 1 | |a Praha |b Výzkumný ústav strojírenské technologie a ekonomiky |c 1977 | |
| 300 | |a 146 s. | ||
| 490 | 1 | |a Knižnice VUSTE |v sv. 128 | |
| 830 | 0 | |a Knižnice VUSTE |v sv. 128 | |
| 100 | 1 | |a Fähnrich, Jiří | |